| 000 | 00841nam a2200229Ii 4500 | ||
|---|---|---|---|
| 003 | JO-AjNU | ||
| 008 | 230605s9999||||xx |||||||||||||| ||und|| | ||
| 017 | _a2011/1/145 | ||
| 020 | _a978-9957-30-206-1 | ||
| 040 |
_aJO-AjNU _bara _erda _cJO-AjNU |
||
| 041 | _aara | ||
| 050 | 1 | 4 | _aPJ7946.A84.S53 2011 |
| 100 | 3 |
_aمشاورة، عثمان, _eauthor _948988 |
|
| 245 | 0 | 0 | _aشارع اللغات السعيد " قصة حب في الجامعة الأردنية" : رواية |
| 250 | _aط1 | ||
| 264 | 3 | 1 | _aعمان: دار فضاءات للنشر والتوزيع، 2011 ؛ تونس: دار فضاءات للنشر والتوزيع، 2011 |
| 300 | _a196ص | ||
| 336 |
_atext _btxt _2rdacontent |
||
| 337 |
_aunmediated _bn _2rdamedia |
||
| 338 |
_avolume _bnc _2rdacarrier |
||
| 650 | 4 |
_aالأدب العربي - روايات _948989 |
|
| 999 |
_aA21489 _c25057 _d25057 |
||